Capitales de países mediterráneos - Estadísticas

Estadísticas generales
  • Esta prueba ha sido intentada 5.681 veces
  • La puntuación promedio es 16 de 21
Estadísticas de respuestas
País Capital % Correcto
España Madrid
99%
Italia Roma
98%
Grecia Atenas
94%
Francia París
92%
Egipto Cairo
86%
Croacia Zagreb
83%
Turquía Ankara
82%
Marruecos Rabat
80%
Argelia Argel
79%
Túnez Túnez
78%
Mónaco Mónaco
76%
Malta La Valeta
75%
Albania Tirana
75%
Chipre Nicosia
70%
Israel Jerusalén
69%
Bosnia y Herzegovina Sarajevo
68%
Libia Trípoli
65%
Eslovenia Liubliana
64%
Líbano Beirut
62%
Siria Damasco
58%
Montenegro Podgorica
58%
No se encontraron pruebas coincidentes
Distribución de puntuación
Porcentaje de gente con cada puntuación
Porcentaje por número respondido
Historial de tus puntuaciones
No has intentado esta prueba.